Takeovers, restructuring, and corporate governance
Guardado en:
| Autor principal: | |
|---|---|
| Otros Autores: | , |
| Formato: | Libro |
| Lenguaje: | inglés |
| Publicado: |
Upper Saddle River, N.J.
Pearson/Prentice Hall
2004
|
| Edición: | 4. ed. |
| Colección: | Prentice Hall Finance Series
|
| Materias: | |
| Etiquetas: |
Sin Etiquetas, Sea el primero en etiquetar este registro!
|
MARC
| LEADER | 00000nam$a2200000$$$4500 | ||
|---|---|---|---|
| 001 | 0002702 | ||
| 005 | 20240517110819.5 | ||
| 020 | |a 0-13-122553-7 | ||
| 041 | 0 | |a eng | |
| 044 | |a US | ||
| 245 | 1 | 0 | |a Takeovers, restructuring, and corporate governance |c J. Fred Weston, Mark L. Mitchell, J. Harold Mulherin |
| 250 | |a 4. ed. | ||
| 264 | 1 | |a Upper Saddle River, N.J. |b Pearson/Prentice Hall |c 2004 | |
| 300 | |a 688 s. | ||
| 490 | 1 | |a Prentice Hall Finance Series | |
| 830 | 0 | |a Prentice Hall Finance Series | |
| 610 | 2 | 0 | |a kúpa |
| 610 | 2 | 0 | |a akvizícia |
| 610 | 2 | 0 | |a fúzie |
| 610 | 2 | 0 | |a stratégia podniková |
| 610 | 2 | 0 | |a joint ventures |
| 610 | 2 | 0 | |a aliancie strategické |
| 610 | 2 | 0 | |a akcie zamestnanecké |
| 610 | 2 | 0 | |a manažment |
| 610 | 2 | 0 | |a štúdie prípadové |
| 100 | 1 | |a Weston, J. Fred | |
| 700 | 1 | |a Mitchell, Mark L. | |
| 700 | 1 | |a Mulherin, J. Harold | |